Biblioteca

Theological education : Teaching the biblical languages (Registro nro. 42455)

Detalles MARC
000 -LÍDER
Campo fijo de descripción fija 002560000a22001210004500
041 0# - CÓDIGO DE IDIOMA
Código de idioma para texto/pista de sonido o título separado
082 04 - NÚMERO DE CLASIFICACIÓN DECIMAL DEWEY
Número de clasificación AV 0097
001 - NÚMERO DE CONTROL
Campo de control 13495
245 10 - TÍTULO
Título del Material Theological education : Teaching the biblical languages
300 ## - DESCRIPCIÓN FÍSICA
Extensión 515 Pag
500 ## - NOTA GENERAL
Nota General Folleto
942 ## - TIPO DE MATERIAL (KOHA)
Tipo de Item KOHA Libros General
Existencias
Estado de Material Estado de Perdido Estado de Dañado No para Préstamo Colección Tomo Biblioteca de Origen Biblioteca Permanente Fecha de Adquisición Total de Préstamos Signatura Topográfica Código de Barras Última vez visto Ejemplar/Existencia Fecha de Remplazo Tipo de Material
        Colección Folletos   Biblioteca FUSBC Biblioteca FUSBC 01/02/2006   AV 0097 23256 12/12/2019 1 26/01/2016 Documentos Archivo Vertical

Biblioteca FUSBC | Teléfono: (57+4) 349 88 10 Ext. 141| WhatsApp (+57) 3005338115 
E-mail: biblioteca@unisbc.edu.co | Calle 76 87-14 Robledo Palenque, Medellín, Colombia

Con tecnología Koha